Normal view MARC view
  • Fox, Armando

Entry Personal Name

Number of records used in: 1

001 - CONTROL NUMBER

  • control field: 18580

003 - CONTROL NUMBER IDENTIFIER

  • control field: NUST

005 - DATE AND TIME OF LATEST TRANSACTION

  • control field: 20190725110640.0

008 - FIXED-LENGTH DATA ELEMENTS

  • fixed length control field: 190725|| aca||aabn | a|a d

040 ## - CATALOGING SOURCE

  • Original cataloging agency: NUST
  • Transcribing agency: NUST

100 ## - HEADING--PERSONAL NAME

  • Personal name: Fox, Armando

670 ## - SOURCE DATA FOUND

  • Source citation: Work cat.: (NUST): Fox, Armando, Engineering Software As a Service:, 2014.
© 2023 Central Library, National University of Sciences and Technology. All Rights Reserved.